LDR 00583naa#a2200181#i#450# 001 EN\\bibl\110580 005 20260415210418.3 011 ## _a2311-1402 100 ## _a20250925b2025####ek#y0engy0150####ca 101 0# _aRUS 102 ## _aRU 200 1# _aThe social portrait of the anarchist regional elite in Russia in the early 20th century _eJournal article 210 1# _aNizhnevartovsk _cNizhnevartovsk State University _d2025 215 ## _a10 с. 608 ## _aJournal article _2local 675 ## _aВсеобщая история. 94 _zRUS 700 #1 _aP'yanykh _gNikita I. 856 4# _afilvestnik.nvsu.ru _u